Opposites and more!. (Record no. 113203)
[ view plain ]
| 000 -LEADER | |
|---|---|
| fixed length control field | 00276nam a2200121 a 4500 |
| 005 - DATE AND TIME OF LATEST TRANSACTION | |
| control field | 20140414132008.0 |
| 008 - FIXED-LENGTH DATA ELEMENTS--GENERAL INFORMATION | |
| fixed length control field | 110223s19uu xx 00 eng d |
| 050 ## - LIBRARY OF CONGRESS CALL NUMBER | |
| Classification number | VCD |
| Item number | OP1 |
| 245 ## - TITLE STATEMENT | |
| Title | Opposites and more!. |
| 650 ## - SUBJECT ADDED ENTRY--TOPICAL TERM | |
| Topical term or geographic name as entry element | Opposites |
| 650 ## - SUBJECT ADDED ENTRY--TOPICAL TERM | |
| Topical term or geographic name as entry element | Comparison |
| Withdrawn status | Lost status | Damaged status | Home library | Current library | Shelving location | Date acquired | Total Checkouts | Full call number | Barcode | Date last seen | Price effective from | Koha item type |
|---|---|---|---|---|---|---|---|---|---|---|---|---|
| Munich Library | Munich Library | Audio Visual Material Section | 02/23/2011 | VCD OP1 | M4715 | 04/14/2014 | 04/14/2014 | Audio Visual Materials |